Self Insert Trope Characters Quiz - Statistics

General Stats
  • This quiz has been taken 9 times
  • The average score is 9 of 26
Answer Stats
Hint Answer % Correct
Hamilton
100%
In the Heights
88%
Usnavi de la Vega Lin Manuel Miranda
88%
Alexander Hamilton Lin Manuel Miranda
88%
Divergent
38%
Tom Bombadil JRR Tolkien
38%
The Lord of The Rings
38%
8 Mile
25%
Boy // Going Solo // The Witches
25%
Labybird McPherson Greta Gerwig
25%
Homer
25%
Stephen Dedalus James Joyce
25%
Ladybird
25%
B - Rabbit Marshall Mathers
25%
Adam Thorn Patrick Ness
25%
Release
25%
The Boy Roald Dahl
25%
Watcher Informant Stan Lee
25%
Sammy Fabelman Steven Spielberg
25%
The Fabelmans
25%
The Marvel Cinematic Universe
25%
Demodocus The Odyssey
25%
Ulysses // A Portrait of the Artist
25%
Beatrice "Tris" Prior Veronica Roth
25%
500 days of Summer
13%
Tom Hansen Scott Neustadter
0%
No matching quizzes found
Score Distribution
Percent of People with Each Score
Percentile by Number Answered
Your Score History
You have not taken this quiz